000 00406nam a2200169Ia 4500
005 20240823010452.0
008 240823s9999||||xx |||||||||||||| ||und||
082 _A621.317 N7
100 _aVedam Subramanyam
245 0 _aPower Electronics
250 _a1st
260 _c1997
_b"New Age,New Delhi"
500 _aYES
650 _aPower Electronics
_bInstrumentation
942 _cBK
999 _c158710
_d158710